|
|
|
|
| LEADER |
00998nam a2200301 a 4500 |
| 001 |
000392678 |
| 003 |
CZ BrMZK |
| 005 |
20160506133332.0 |
| 007 |
ta |
| 008 |
980115s1999 xr a a 1 cze d |
| 015 |
|
|
|a cnb000649313
|
| 020 |
|
|
|a 80-85886-51-0
|
| 035 |
|
|
|a (OCoLC)41370127
|
| 040 |
|
|
|a BOA001
|b cze
|
| 072 |
|
7 |
|a 821-93
|x Literatura pro děti a mládež (beletrie)
|2 Konspekt
|9 26
|
| 080 |
|
|
|a 821-93
|2 MRF
|
| 080 |
|
|
|a (0.025.2)
|2 MRF
|
| 100 |
1 |
|
|a Balík, Jindřich,
|d 1928-2016
|7 jk01010692
|4 aut
|
| 245 |
1 |
0 |
|a Dětský rok /
|c Jindřich Balík ; [ilustrace] Marie Tichá
|
| 260 |
|
|
|a Praha :
|b SiD & NERo,
|c 1999
|
| 300 |
|
|
|a [11] s. :
|b barev. il. ;
|c 18 cm
|
| 500 |
|
|
|a Leporelo
|
| 655 |
|
7 |
|a leporela
|7 fd132727
|2 czenas
|
| 655 |
|
7 |
|a publikace pro děti
|7 fd133156
|2 czenas
|
| 700 |
1 |
|
|a Tichá, Marie,
|d 1935-
|7 jn20000402353
|4 ill
|
| 910 |
|
|
|a BOA001
|b M1-1055.203
|
| 990 |
|
|
|a BK
|
| 996 |
7 |
|
|b 2610085775
|c M1-1055.203
|l MZK
|r Sklad / do 24 hodin
|n 2
|w 000392678
|u 000010
|a 1
|e BOA001
|j MZK50
|s A
|